00327nam a2200097Ia 4500008004100000245005500041245003800096260000900134650003800143856004800181171204s9999 xx 000 0 und d aSavannah to Sea: Fine cuisine under an African sky cFine cuisine under an African sky c2014 xCulinary Arts & Sciences with Lab uhttp://down.ebook777.com/034/B00MWYS22K.pdf